Responses for Show #3927 - Tuesday, October 2, 2001

(Sofia: Hi, this is Sofia of the Clue Crew. Today, you get Jeopardy! and the world-famous San Diego Zoo. That's a lot of entertainment.)

Contestants

[<< previous game]

Melinda Wittenburg, an early child-development specialist from Chattanooga, Tennessee

Jeff Rhodes, a publication editor from Marietta, Georgia

Janna Marshall, a direct marketing consultant from Middleton, Wisconsin (whose 1-day cash winnings total $8,700)

[next game >>]

Jeopardy! Round responses

DISABILITY AWARENESS
(Alex: Keep in mind that October is National Disability Awareness Month.)
MUSIC OF THE '70s
ANIMALS
AUTHOR COUNTDOWN
BALD AMBITION
ENDS IN "OY"
    $100 13
Franklin D. Roosevelt

Janna
    $100 7
"Boogie Woogie Bugle Boy"

Janna
    $100 1
chameleon

Melinda
    $100 22
Kurt Vonnegut

Janna
    $100 17
(Jeff: Who is Jason Alexander... [*]?)

George Costanza

Jeff
    $100 2
ahoy

Janna
    $200 27
Marlee Matlin

Jeff
    $200 8
(Jeff: Who is Frankie Avalon?)

Paul Anka

Jeff
Triple Stumper
    $200 9
tsetse fly

Janna
    $200 23
Sir Arthur Conan Doyle

Melinda
    $200 18
Andre Agassi

Melinda
    $200 3
McCoy

Janna
    $300 28
Helen Keller

Jeff
    $300 14
Billy Joel

Jeff
    $300 10
antelope

Janna
    $300 24
Anton Chekhov

Melinda
    $300 19
Homer Simpson

Melinda
    $300 4
Corduroy

Melinda
    $500 29
Atlanta

Jeff
    $400 15
"How Sweet It Is"

Janna
    $400 11
(Jeff: What is a koala bear?)
(Janna: What is an opossum?)

wombat

JannaJeff
Triple Stumper
    $400 25
(Alex: We have a minute to go, Melinda.)

J.R.R. Tolkien

Triple Stumper
    $400 20
Mr. Clean

Jeff
    $400 5
Troy

Janna
    $500 30
Disabled American Veterans of the World War

Jeff
    $500 16
(Jeff: Who is Tom T. Hall?)

Charlie Rich

Jeff
Triple Stumper
    $500 12
the narwhal

Melinda
    $500 26
Ken Kesey

Janna
    $500 21
Daddy Warbucks

Melinda
    $500 6
the Savoy

Jeff

Scores at the first commercial break (after clue 15):

Janna Jeff Melinda
$1,400 $200 $900

Scores at the end of the Jeopardy! Round:

Janna Jeff Melinda
$2,000 $1,700 $2,400

Double Jeopardy! Round responses

HEY, BEAUTIFUL
SO, COME HERE OFTEN?
WHAT'S YOUR SIGN?
HAVEN'T WE "MET" BEFORE?
WHERE HAVE YOU BEEN ALL MY LIFE?
WOULD YOU LIKE TO SEE MY ETCHINGS?
(Alex: I never used one of those lines!)
    $200 21
Sarah Michelle Gellar

Janna
    $200 26
Venice

Jeff
    $200 1
South Carolina

Melinda
    $200 6
metaphor

Janna
    $200 16
Elton John

Jeff
    $200 11
Saint Nicholas

Jeff
    $400 22
Mel Gibson

Melinda
    $400 27
the Riviera

Janna
    $400 2
Eminem

Janna
    $1,000 7
Metropolitans

Janna
    $400 17
Chelsea Clinton

Janna
    $400 12
George Washington

Jeff
    $600 23
Sharon Stone

Janna
    $600 28
Papeete

Triple Stumper
    $600 3
Chernobyl

Melinda
    $600 8
David Mamet

Melinda
    $1,000 18
Louis Freeh

Janna
    $600 13
Leonardo da Vinci

Jeff
    $800 24
George Clooney

Jeff
    $800 29
Ayers Rock (Uluru)

Jeff
    $800 4
World Trade Organization

Janna
    $800 9
perimeter

Melinda
    $800 19
A. Bartlett Giamatti

Jeff
    $800 14
Pocahontas

Jeff
    $1000 25
Claudia Schiffer

Janna
    $1000 30
(Janna: What is St. Tropez?)

St. Moritz

JannaJeff
    $1000 5
guinea pigs

Jeff
    $1000 10
Demeter

Melinda
    $1000 20
John Updike

Triple Stumper
    $1000 15
Rembrandt

Janna

Scores at the end of the Double Jeopardy! Round:

Janna Jeff Melinda
$8,000 $8,500 $6,000

[wagering suggestions for these scores]

Final Jeopardy! Round responses

SPORTS STARS
(Alex: For winning his third straight Tour de France.)
MelindaWho is Lance Armstrong?
$6,000
JannaWho is Lance Armstrong?
$3,500
JeffWho is Lance Armstrong?
$4,500
Lance Armstrong

Final scores:

Janna Jeff Melinda
$11,500 $13,000 $12,000
3rd place: Trip to the Palms in Palm Springs, California New champion: $13,000 2nd place: Trip to Almond Resorts, Barbados

Game dynamics:

Coryat scores:

Janna Jeff Melinda
$7,000 $8,400 $6,000
21 R
(including 2 DDs),
2 W
19 R
(including 1 DD),
3 W
14 R,
0 W

Combined Coryat: $21,400

[game clues] [game scores] [suggest correction]

Game tape date: 2001-08-14
The J! Archive is created by fans, for fans. Scraping, republication, monetization, and malicious use prohibited; this site may use cookies and collect identifying information. See terms. The Jeopardy! game show and all elements thereof, including but not limited to copyright and trademark thereto, are the property of Jeopardy Productions, Inc. and are protected under law. This website is not affiliated with, sponsored by, or operated by Jeopardy Productions, Inc. Join the discussion at JBoard.tv.